Política mundial de Carlos V y Felipe II / (Record no. 189868)

MARC details
000 -LEADER
campo de control de longitud fija 00869nam a2200217 i 4500
001 - NÚMERO DE CONTROL
campo de control 189868
003 - IDENTIFICADOR DE NÚMERO DE CONTROL
campo de control ES-MaACL
005 - FECHA Y HORA DE LA ÚLTIMA TRANSACCIÓN
campo de control 20240514175312.0
008 - DATOS DE LONGITUD FIJA--INFORMACIÓN GENERAL
campo de control de longitud fija 191213s1966 sp |||| | spa d
100 0# - ENTRADA PRINCIPAL--NOMBRE DE PERSONA
Nombre de persona Alvarez Fernández, Manuel.
9 (RLIN) 20807
245 10 - MENCIÓN DEL TÍTULO
Título Política mundial de Carlos V y Felipe II /
Mención de responsabilidad, etc. Manuel Fernández Álvarez ; prólogo de Vicente Palacio Atard.
260 ## - PUBLICACIÓN, DISTRIBUCIÓN, ETC.
Lugar de publicación, distribución, etc. Madrid :
Nombre del editor, distribuidor, etc. C.S. I.C. Escuela de Historia Moderna,
Fecha de publicación, distribución, etc. 1966.
300 ## - DESCRIPCIÓN FÍSICA
Extensión XXX, 329 p. :
Otras características físicas il. ;
Dimensiones 25 cm.
490 1# - MENCIÓN DE SERIE
Mención de serie Historia de España en el Mundo Moderno ;
Designación de volumen o secuencia 1
651 #4 - PUNTO DE ACCESO ADICIONAL DE MATERIA--NOMBRE GEOGRÁFICO
Nombre geográfico España-
Subdivisión general Historia-
Subdivisión cronológica 1516-1556, Carlos I.
9 (RLIN) 8224
651 #4 - PUNTO DE ACCESO ADICIONAL DE MATERIA--NOMBRE GEOGRÁFICO
Nombre geográfico España-
Subdivisión general Historia-
Subdivisión cronológica 1556-1598, Felipe II.
9 (RLIN) 8218
700 1# - ENTRADA AGREGADA--NOMBRE PERSONAL
Nombre de persona Palacio Atard, Vicente,
Fechas asociadas al nombre 1920-2013
9 (RLIN) 88374
830 0# - PUNTO DE ACCESO ADICIONAL DE SERIE-TÍTULO UNIFORME
Título uniforme Historia de España en el mundo moderno
Designación de volumen o secuencia 1
9 (RLIN) 193453
852 ## - LOCALIZACIÓN
Ubicación ES-MaACL
Número de control de estantería P-1192-1
Holdings
Estatus retirado Estado de pérdida Estado de daño No para préstamo Biblioteca de origen Biblioteca actual Ubicación en estantería Fecha de adquisición Fuente de adquisición Total de préstamos Signatura topográfica completa Código de barras Visto por última vez Precio de reemplazo Tipo de ítem Koha
        Biblioteca del Ateneo de Madrid Biblioteca del Ateneo de Madrid Depósito 2 13/12/2019     P-1192-1 1201397 23/02/2023 23/02/2023 Libro impreso